• 首页
  • 本馆介绍
  • 公告通知
  • 最新文献
  • 馆藏检索
  • 电子资源
  • 读者导购
  • 参考咨询
  • 我的图书馆
  • 登录
  • 详细信息显示
  • 放入我的书架
  • 预约/预借图书
  • 作者相关作品
  • 分类相关作品
  • 丛书相关作品
  • 出版社相关作品

书目信息

  • 表格格式
  • 工作单格式
  • 卡片格式
题名:
郎官石柱题名新考订
    
 
作者: 岑仲勉 编
分册:  
出版信息: 上海   上海古籍出版社  1984
页数: 516页
开本: 21cm
丛书名:
单 册:
中图分类: K242.07
科图分类:
主题词: 中国--历史
电子资源:
ISBN:
000 00676nam0 2200241 45
001 0184010723
005 20040505110216.7
010    @dCNY2.10
091    @a11186.65
100    @a19950522d1984 em y0chiy0121 ea
101 0  @achi
102    @aCN@b310000
105    @ay z 000yy
106    @ar
200 10 @a郎官石柱题名新考订@Alang guan shi zhu ti ming xin kao ding@e外三种@f岑仲勉编
210    @a上海@c上海古籍出版社@d1984
215    @a516页@d21cm
606 0  @a中国@x历史
690    @aK242.07
701  0 @a岑仲勉@Acen zhong mian@4编
801  0 @aCN@b上海图书馆@c20040505
801  2 @aCN@bNLC@c20040505
905    @f2@b257577-578@dK242.07@e5@b126569-570@f1@b126572@f2
    
    郎官石柱题名新考订:外三种/岑仲勉编.-上海:上海古籍出版社,1984
    516页;21cm
    
    
    ISBN :CNY2.10
    
●
相关链接 在E读中查询图书 在五车中查询图书 在当当中查询图书 在豆瓣中查询图书


正题名:郎官石柱题名新考订     索取号:K242.07/5         预约/预借

序号 登录号 条形码 馆藏地/架位号 状态 备注
1 0126569   001288190   第二借阅区/ [索取号:K242.07/5] 在馆    
2 0126570   001288181   第二借阅区/ [索取号:K242.07/5] 在馆    
3 0126571   001865903   密集书库/ [索取号:K242.07/5] 在馆    
4 0126572   001288172   第二借阅区/ [索取号:K242.07/5] 在馆    
5 0126573   001865896   密集书库/ [索取号:K242.07/5] 在馆    
6 0257577   001288243   第二样本阅览室/ [索取号:K242.07/5] 在馆    
7 0257578   001288234   第二借阅区/ [索取号:K242.07/5] 在馆    
唐山师范学院图书馆 欢迎您!
大连网信软件有限公司© 版权所有